Pairs #59 (Music Edition) - Statistics

General Stats
  • This quiz has been taken 63 times
  • The average score is 13 of 25
Answer Stats
Hint Extra Hint Explanation Answer % Correct
Simon The Sound of Silence, Columbia Records (1964) Wikipedia: Simon & Garfunkel

(lovely ballad)
Garfunkel
93%
Diana Ross Love Child, Motown Records (1968) Wikipedia: The Supremes

the Supremes
91%
Porgy George Gershwin, 1935 Wikipedia: Porgy and Bess Bess
89%
Rodgers Oklahoma! (1943); Carousel (1945); South Pacific (1949); The King and I (1951); The Sound of Music (1959); etc. Wikipedia: Rodgers and Hammerstein Hammerstein
87%
Gladys Knight I Heard It Through the Grapevine, Soul Records (1967) Wikipedia: Gladys Knight & the Pips

(IMO, a cut above Marvin Gaye’s cover released in 1968.)
the Pips
80%
Tom Petty The Waiting, Backstreet Records (1981) Wikipedia: Tom Petty and the Heartbreakers

the Heartbreakers
78%
Me Janis Joplin, Columbia Records (1971) Wikipedia: Me and Bobby McGee

Bobby McGee
71%
Come Redbone, Epic Records (1974) Wikipedia: Come and Get Your Love

Get Your Love
71%
Crimson Tommy James and the Shondells, Roulette Records (1968) Wikipedia: Crimson and Clover

Clover
67%
The Weeknd Save Your Tears (remix), XO Records; Republic Records (2021) Wikipedia: Save Your Tears

Ariana Grande
64%
Gerry Don't Let the Sun Catch You Crying, EMI Columbia Records (UK, AU, NZ); Laurie Records (US); Capitol Records (CN) (1964) Gerry and the Pacemakers

the Pacemakers
60%
Bill Medley (I've Had) The Time of My Life, RCA Records (1987) Wikipedia: (I've Had) The Time of My Life

Jennifer Warnes
58%
Lisa Lisa Head to Toe, Columbia Records (1987) Wikipedia: Lisa Lisa and Cult Jam

Cult Jam
53%
Freddie I'm Telling You Now, Columbia EMI Records (UK); Tower Records (US) (1963 (UK); 1965 (US)) Wikipedia: Freddie and the Dreamers

(worth watching for Freddie’s wacky performance)
the Dreamers
47%
Rick Dees Disco Duck, Fretone Records; RSO Records (1976) Wikipedia: Disco Duck

His Cast of Idiots
42%
Sergio Mendes The Look of Love, A & M Records (1968) Wikipedia: Sérgio Mendes

Brasil ‘66
38%
Little Anthony Tears on My Pillow, End Records (1958) Wikipedia: Little Anthony and the Imperials

the Imperials
36%
Dion I Wonder Why, Laurie Records (1958) Wikipedia: Dion and the Belmonts

the Belmonts
31%
Joey Dee Peppermint Twist – Part I, Roulette Records (1961) Wikipedia: Joey Dee and the Starliters

the Starliters
31%
Billy Vera At This Moment, Alfa Records (1981) Wikipedia: Billy Vera

the Beaters
29%
Paul Don't Bring Me Your Heartaches, Decca Records (1965) Wikipedia: Paul Ryan

Barry Ryan
27%
Eric Burdon Spill the Wine, MGM Records (1970) Wikipedia: War

War
22%
Jimmy Gilmer Sugar Shack, Dot Records (1963) Wikipedia: The Fireballs

the Fireballs
20%
Max Frost Shape of Things to Come, Tower Records (1968) Wikipedia: Max Frost and the Troopers

the Troopers
18%
Fred Parris In the Still of the Nite, Standord Records; Ember Records (1956) Wikipedia: The Five Satins

The Five Satins
16%
No matching quizzes found
Score Distribution
Percent of People with Each Score
Percentile by Number Answered
Your Score History
You have not taken this quiz